000 00489nam a22001577a 4500
008 150309b xxu||||| |||| 00| 0 eng d
020 _a082450867X (pbk.)
050 _aBX1970.L3513 1988
100 _aLebon, Jean
_915979
245 _aHow to understand the liturgy
_c/by Jean Lebon
260 _aNew York
_bCrossroad
_c1991
300 _ax,148p. ;
_c23cm.
650 _aCatholic church
_xLiturgy
_911909
650 _aSpiritual life
_xCatholic authors
_95665
942 _2lcc
_cMONOGRAPH
999 _c122331
_d122331